000 00834nas a2200289 4500
001 BR8402600
003 BR-BrBNA
005 20231205085920.0
007 ta
008 230509b bl.|||p| |||| 00| 00por d
040 _aBR-BrBNA
_bpor
_cBiblioteca Nacional de Agricultura
041 _a(Pt)
072 _aL30; E15
100 1 _aThiago, L.R.L. de S.
100 1 _aCosta, F.P.
245 1 _aTerminacao de bovinos na entressafra [engorda, preco, Brasil]
650 _aGADO DE CORTE
650 _aCONFINAMENTO
650 _aENTRESSAFRA
650 _aINSTALACAO AGRICOLA
650 _aCURRAL
650 _aCUSTO DE PRODUCAO
650 _aENGORDA
773 0 _tRevista dos Criadores (Brazil)
_xISSN 0034-9259
_g(May 1984), v. 53(652) p. 6-8
_wBR8402600
909 _a202311
_bLúcia
_c55
_dLúcia Elande
942 _2AGRIS
_n0
_cANA
999 _c114753
_d114753